Central Library OPAC University of Rajshahi
Normal view MARC view

Entry Personal Name

Number of records used in: 2

001 - CONTROL NUMBER

  • control field: 13637

003 - CONTROL NUMBER IDENTIFIER

  • control field: BD-RjUL

005 - DATE AND TIME OF LATEST TRANSACTION

  • control field: 20240930145738.0

008 - FIXED-LENGTH DATA ELEMENTS

  • fixed length control field: 240930|| aca||aabn | a|a d

040 ## - CATALOGING SOURCE

  • Original cataloging agency: BD-RjUL
  • Transcribing agency: BD-RjUL

100 ## - HEADING--PERSONAL NAME

  • Personal name: Miller, Henry,
  • Dates associated with a name: 1891-1980

670 ## - SOURCE DATA FOUND

  • Source citation: Work cat.: (BD-RjUL)84053: Miller, Henry, 1891-1980., The air-conditioned nightmare /, [1945-47]